000 00568 a2200181 4500
020 _c150.00
035 _aB-154829
037 _bRP-BLIII-367 / PANSY-05-06:12 / RP-05-06:ENG
082 1 4 _a375
090 _c1739
_d1739
100 1 _aAggarwal, J.C.
245 1 _aHandbook of curriculum and instruction
_cby J.C. Aggarwal
250 _arev. ed rep 2006
260 _aDelhi
_bDoaba Book House
_c2006
300 _axxiii, 321 p
_e22 cm (pbk)
942 _adpl
_cEN
_k375 AGG
999 _c1708
_d1708